000 01031nam a2200241 i 4500
001 30694
003 ES-MaACL
005 20250728051240.0
007 t|
008 030127s1904 sp 00110 spa d
080 _a908(8=134.2)
100 1 _aBeltrán y Rózpide, Ricardo.
_927381
245 1 4 _aLos pueblos hispanoamericanos en el siglo XX.
_nI,
_p1901-1903 /
_cpor Ricardo Beltrán y Rózpide.
260 _aMadrid :
_b[s.n.],
_c1904 (
_fImp. de Administración Militar)
300 _a1 v. (303 p.) ;
_c21 cm.
530 _aDisponible en formato digital.
594 _aEn port.: Refundición y ampliación de las "Revistas hispanoamericanas" publicadas por el autor en "La Ilustración artística", de Barcelona.
651 4 _aAmérica Latina-
_xDescripción
_97745
852 4 _aES-MaACL
_jC-2183
856 4 _uhttps://archive.org/details/lospuebloshispa00rzgoog
_zInternet Archive
856 4 _uhttps://www.cervantesvirtual.com/nd/ark:/59851/bmczs4n3
_zBiblioteca Virtual Miguel de Cervantes
999 _c30694
_d30694